[Event "CAN-op"]
[Site "Kapuskasing CAN"]
[Date "2004.07.11"]
[Round "3"]
[White "Peng, David Yu"]
[Black "Henry, Liam"]
[Result "1/2-1/2"]
[WhiteElo "2038"]
[BlackElo "2062"]
[PlyCount "47"]
[GameId "2160767911095268"]
[EventDate "2004.07.10"]
[EventType "swiss"]
[EventRounds "10"]
[EventCountry "CAN"]
[SourceTitle "CBM 101 Extra"]
[Source "ChessBase"]
[SourceDate "2004.09.01"]
[SourceVersion "2"]
[SourceVersionDate "2004.09.01"]
[SourceQuality "1"]

1. d4 Nf6 2. Nf3 g6 3. Bg5 Bg7 4. Nbd2 d5 5. e3 O-O 6. c4 c6 7. Bd3 Nbd7 8. O-O h6 9. Bxf6 Nxf6 10. Qc2 Nh5 11. Rfe1 f5 12. Nf1 e6 13. b4 g5 14. b5 g4 15. Ne5 Bxe5 16. dxe5 Bd7 17. bxc6 Bxc6 18. cxd5 Bxd5 19. e4 fxe4 20. Bxe4 Nf4 21. Ng3 Qg5 22. Bxd5 Nxd5 23. Ne4 Qxe5 24. Nc5 1/2-1/2

[Event "CAN-op"]
[Site "Kapuskasing CAN"]
[Date "2004.07.11"]
[Round "3"]
[White "Spraggett, Kevin"]
[Black "Jonkman, Harmen"]
[Result "1/2-1/2"]
[WhiteElo "2584"]
[BlackElo "2425"]
[PlyCount "89"]
[GameId "2160767911095270"]
[EventDate "2004.07.10"]
[EventType "swiss"]
[EventRounds "10"]
[EventCountry "CAN"]
[SourceTitle "CBM 101 Extra"]
[Source "ChessBase"]
[SourceDate "2004.09.01"]
[SourceVersion "2"]
[SourceVersionDate "2004.09.01"]
[SourceQuality "1"]

1. e4 e5 2. Nf3 Nc6 3. Bb5 Nf6 4. d3 Bc5 5. Nc3 d6 6. O-O Bd7 7. Na4 Bb6 8. c3 h6 9. Nxb6 axb6 10. Ba4 O-O 11. Bc2 Re8 12. h3 d5 13. Qe2 Be6 14. a3 b5 15. Re1 dxe4 16. dxe4 Bc4 17. Qe3 Nd7 18. b3 Be6 19. Qe2 b4 20. Bb2 bxa3 21. Rxa3 Rxa3 22. Bxa3 Na5 23. Rd1 Qc8 24. Nd2 b6 25. b4 Nb7 26. Nc4 b5 27. Ne3 Nd6 28. Bc1 Nf6 29. f3 Nh5 30. Nd5 Qb7 31. g4 Bxd5 32. Rxd5 Nf4 33. Bxf4 exf4 34. Bb3 Qa7+ 35. Kg2 Qa3 36. Qc2 Ra8 37. Rd1 Nc4 38. Bxc4 bxc4 39. Qd2 Qb3 40. Qd5 Ra2+ 41. Rd2 Rc2 42. Qd8+ Kh7 43. Qd5 Qxc3 44. Qf5+ Kg8 45. Qc8+ 1/2-1/2

[Event "CAN-op"]
[Site "Kapuskasing CAN"]
[Date "2004.07.11"]
[Round "3"]
[White "Wang, David"]
[Black "Krayushkin, Victor"]
[Result "1-0"]
[WhiteElo "2110"]
[BlackElo "2204"]
[PlyCount "54"]
[GameId "2160767911095271"]
[EventDate "2004.07.10"]
[EventType "swiss"]
[EventRounds "10"]
[EventCountry "CAN"]
[SourceTitle "CBM 101 Extra"]
[Source "ChessBase"]
[SourceDate "2004.09.01"]
[SourceVersion "2"]
[SourceVersionDate "2004.09.01"]
[SourceQuality "1"]

1. e4 e5 2. Nf3 Nc6 3. Bb5 a6 4. Ba4 Nf6 5. O-O b5 6. Bb3 Bc5 7. Nxe5 Nxe5 8. d4 Bxd4 9. Qxd4 d6 10. c3 c5 11. Qe3 Bb7 12. Qg3 Bxe4 13. f3 Bxb1 14. Rxb1 O-O 15. Bg5 c4 16. Bc2 Qb6+ 17. Kh1 Nfd7 18. f4 Ng6 19. f5 Nge5 20. Bh6 g6 21. Bxf8 Rxf8 22. fxg6 hxg6 23. Rbd1 Kg7 24. Rd4 Nf6 25. Qg5 Nh5 26. g4 f6 27. Qh4 g5 1-0

[Event "CAN-op"]
[Site "Kapuskasing CAN"]
[Date "2004.07.11"]
[Round "3"]
[White "Zubac, Marius"]
[Black "Costa, Joao Guerra"]
[Result "1-0"]
[WhiteElo "2185"]
[BlackElo "2209"]
[PlyCount "75"]
[GameId "2160767911095273"]
[EventDate "2004.07.10"]
[EventType "swiss"]
[EventRounds "10"]
[EventCountry "CAN"]
[SourceTitle "CBM 101 Extra"]
[Source "ChessBase"]
[SourceDate "2004.09.01"]
[SourceVersion "2"]
[SourceVersionDate "2004.09.01"]
[SourceQuality "1"]

1. d4 f5 2. g4 fxg4 3. h3 g3 4. fxg3 Nf6 5. Nc3 d5 6. Qd3 Nc6 7. Nf3 g6 8. g4 Qd6 9. Be3 a6 10. a3 Bg7 11. Qd2 Ne4 12. Nxe4 dxe4 13. Ng5 Nxd4 14. O-O-O e5 15. Bg2 O-O 16. Kb1 Qe7 17. c3 Ne6 18. Nxe4 Rb8 19. Qd5 Kh8 20. Bf3 b6 21. h4 Rd8 22. Qc6 Bb7 23. Rxd8+ Nxd8 24. Qc4 Ne6 25. h5 g5 26. h6 Bf6 27. Rf1 b5 28. Qb4 Nf4 29. Bc5 Qe6 30. Qa5 Rc8 31. Nxg5 Bxg5 32. Bxb7 Rg8 33. Qxc7 Bxh6 34. Bd6 Bg7 35. Rh1 Qxg4 36. Be4 Ng6 37. Qb7 Qxe2 38. Bxg6 1-0

[Event "CAN-op"]
[Site "Kapuskasing CAN"]
[Date "2004.07.12"]
[Round "4"]
[White "Betaneli, Alexander"]
[Black "Fridman, Daniel"]
[Result "1/2-1/2"]
[WhiteElo "2228"]
[BlackElo "2594"]
[PlyCount "56"]
[GameId "2160767911095275"]
[EventDate "2004.07.10"]
[EventType "swiss"]
[EventRounds "10"]
[EventCountry "CAN"]
[SourceTitle "CBM 101 Extra"]
[Source "ChessBase"]
[SourceDate "2004.09.01"]
[SourceVersion "2"]
[SourceVersionDate "2004.09.01"]
[SourceQuality "1"]

1. c4 e6 2. Nc3 d5 3. d4 c6 4. cxd5 exd5 5. Nf3 Nf6 6. Bg5 h6 7. Bh4 Bf5 8. e3 Qb6 9. Bd3 Qxb2 10. O-O Be6 11. Na4 Qa3 12. Bxf6 gxf6 13. e4 Bb4 14. Nc5 Bxc5 15. exd5 Bxd5 16. dxc5 Nd7 17. Re1+ Kf8 18. Be4 Re8 19. Bxd5 Rxe1+ 20. Nxe1 cxd5 21. Qxd5 Nxc5 22. Rd1 Kg7 23. Nc2 Qc3 24. Ne3 Qe5 25. Nf5+ Kg6 26. Nh4+ Kg7 27. Nf5+ Kg6 28. Nh4+ Kg7 1/2-1/2

[Event "CAN-op"]
[Site "Kapuskasing CAN"]
[Date "2004.07.12"]
[Round "4"]
[White "Epishin, Vladimir"]
[Black "Pauric, Ivan"]
[Result "1-0"]
[WhiteElo "2671"]
[BlackElo "2081"]
[PlyCount "45"]
[GameId "2160767911095278"]
[EventDate "2004.07.10"]
[EventType "swiss"]
[EventRounds "10"]
[EventCountry "CAN"]

1. d4 d5 2. c4 c6 3. Nf3 e6 4. Qc2 f5 5. Bg5 Nf6 6. Nbd2 Be7 7. e3 O-O 8. Bd3 Ne4 9. Bxe7 Qxe7 10. O-O Nd7 11. Rac1 g5 12. Ne5 Nxe5 13. dxe5 Qg7 14. f4 Nxd2 15. Qxd2 Bd7 16. b4 a6 17. cxd5 exd5 18. a4 Ra7 19. Qb2 b5 20. Qd4 Raa8 21. fxg5 Qxg5 22. Rf3 Kf7 23. Rcf1 1-0

[Event "CAN-op"]
[Site "Kapuskasing CAN"]
[Date "2004.07.12"]
[Round "4"]
[White "Ferdkoyf, Alex"]
[Black "Papineau (Granby), Daniel"]
[Result "1-0"]
[WhiteElo "1654"]
[BlackElo "1736"]
[PlyCount "91"]
[GameId "2160767911095279"]
[EventDate "2004.07.10"]
[EventType "swiss"]
[EventRounds "10"]
[EventCountry "CAN"]

1. e4 d5 2. exd5 Nf6 3. d4 Bg4 4. f3 Bf5 5. Bb5+ Nbd7 6. c4 e6 7. dxe6 Bxe6 8. d5 Bf5 9. Be3 Bb4+ 10. Nc3 O-O 11. Bxd7 Nxd7 12. Nge2 Re8 13. Bd4 Ne5 14. Bxe5 Rxe5 15. O-O Bc5+ 16. Kh1 Qh4 17. Ng3 Rae8 18. Nxf5 Rxf5 19. Ne4 Bf8 20. Qe1 Qd8 21. Rd1 Rh5 22. Qd2 Qh4 23. g3 Qd8 24. Rfe1 f5 25. Nf2 Bd6 26. Kg2 Rf8 27. f4 b6 28. Nd3 a5 29. a3 Qf6 30. Re6 Qd8 31. Rde1 g5 32. b4 axb4 33. axb4 gxf4 34. Nxf4 Rg5 35. Rxd6 Qxd6 36. Ne6 Rg6 37. Nxf8 Kxf8 38. Qd4 Rf6 39. c5 bxc5 40. bxc5 Qd8 41. Qe5 Kf7 42. h4 h5 43. Rb1 Kg6 44. Rb7 c6 45. d6 Qa5 46. Qe8+ 1-0

[Event "CAN-op"]
[Site "Kapuskasing CAN"]
[Date "2004.07.12"]
[Round "4"]
[White "Hajiyev, Elshad"]
[Black "Kret, Ted"]
[Result "0-1"]
[WhiteElo "1978"]
[BlackElo "2142"]
[PlyCount "72"]
[GameId "2160767911095281"]
[EventDate "2004.07.10"]
[EventType "swiss"]
[EventRounds "10"]
[EventCountry "CAN"]
[SourceTitle "EXT 2022"]
[Source "ChessBase"]
[SourceDate "2021.10.06"]
[SourceVersion "1"]
[SourceVersionDate "2021.10.06"]
[SourceQuality "1"]

1. e4 e6 2. d3 d5 3. Nd2 Nf6 4. Ngf3 c5 5. g3 Nc6 6. Bg2 Be7 7. O-O O-O 8. e5 Nd7 9. Re1 b5 10. Nf1 a5 11. h4 Qc7 12. Bf4 Ba6 13. N1h2 Rfc8 14. Ng4 b4 15. h5 a4 16. a3 c4 17. Ng5 cxd3 18. cxd3 bxa3 19. bxa3 Qd8 20. Nf3 Qf8 21. Ng5 Nc5 22. h6 g6 23. Nf6+ Bxf6 24. exf6 Nxd3 25. Nxe6 fxe6 26. Rxe6 Bc4 27. Bd6 Qf7 28. Qg4 Re8 29. Bh3 Nce5 30. Rxe8+ Rxe8 31. Bxe5 Nxe5 32. Qf4 Nd7 33. Bxd7 Qxd7 34. Rb1 Qf5 35. Rb8 Qxf4 36. Rxe8+ Kf7 0-1

[Event "CAN-op"]
[Site "Kapuskasing CAN"]
[Date "2004.07.12"]
[Round "4"]
[White "Hervieux, Donald"]
[Black "Van Dusen, Eric"]
[Result "1-0"]
[WhiteElo "1876"]
[BlackElo "2025"]
[PlyCount "80"]
[GameId "2160767911095282"]
[EventDate "2004.07.10"]
[EventType "swiss"]
[EventRounds "10"]
[EventCountry "CAN"]
[SourceTitle "EXT 2022"]
[Source "ChessBase"]
[SourceDate "2021.10.06"]
[SourceVersion "1"]
[SourceVersionDate "2021.10.06"]
[SourceQuality "1"]

1. Nf3 Nf6 2. g3 d5 3. d3 c5 4. Bg2 Nc6 5. O-O e5 6. Nbd2 Be7 7. e4 d4 8. Nc4 Qc7 9. a4 Bg4 10. h3 Be6 11. b3 O-O 12. Nh4 Qd7 13. Kh2 h6 14. Nxe5 Nxe5 15. f4 Neg4+ 16. hxg4 Nxg4+ 17. Kh1 Bxh4 18. f5 Ne3 19. Bxe3 dxe3 20. gxh4 Qd4 21. Qe2 Bd7 22. Rae1 Qc3 23. Rf3 Rae8 24. Rxe3 Re5 25. Rd1 Qb2 26. Rf1 Rfe8 27. Bh3 Qd4 28. Kh2 a6 29. Rg3 f6 30. Rfg1 R5e7 31. Qh5 Qf2+ 32. Kh1 Qf4 33. Rg6 Kh7 34. R6g2 Bc6 35. Rg4 Qc7 36. R4g3 Qf4 37. Bf1 Kh8 38. Be2 Qf2 39. Bf3 Qxc2 40. Rxg7 Rxg7 1-0

[Event "CAN-op"]
[Site "Kapuskasing CAN"]
[Date "2004.07.12"]
[Round "4"]
[White "Huzman, Alexander"]
[Black "Miroshnichenko, Evgenij"]
[Result "1/2-1/2"]
[WhiteElo "2588"]
[BlackElo "2615"]
[PlyCount "47"]
[GameId "2160767911095283"]
[EventDate "2004.07.10"]
[EventType "swiss"]
[EventRounds "10"]
[EventCountry "CAN"]
[SourceTitle "CBM 101 Extra"]
[Source "ChessBase"]
[SourceDate "2004.09.01"]
[SourceVersion "2"]
[SourceVersionDate "2004.09.01"]
[SourceQuality "1"]

1. d4 Nf6 2. Nf3 g6 3. c4 Bg7 4. Nc3 O-O 5. e4 d6 6. Be2 Na6 7. O-O e5 8. Be3 Ng4 9. Bg5 Qe8 10. dxe5 dxe5 11. Nd2 Bf6 12. h4 h6 13. Bxg4 hxg5 14. Nd5 Qd8 15. h5 Bg7 16. Bxc8 Rxc8 17. hxg6 c6 18. Ne3 fxg6 19. Nb3 Qf6 20. Qg4 Rcd8 21. Rad1 Rxd1 22. Qxd1 Qe7 23. Qe2 Nc7 24. Ng4 1/2-1/2

[Event "CAN-op"]
[Site "Kapuskasing CAN"]
[Date "2004.07.12"]
[Round "4"]
[White "Jonkman, Harmen"]
[Black "Mikhalevski, Victor"]
[Result "0-1"]
[WhiteElo "2425"]
[BlackElo "2551"]
[PlyCount "77"]
[GameId "2160767911095284"]
[EventDate "2004.07.10"]
[EventType "swiss"]
[EventRounds "10"]
[EventCountry "CAN"]
[SourceTitle "CBM 101 Extra"]
[Source "ChessBase"]
[SourceDate "2004.09.01"]
[SourceVersion "2"]
[SourceVersionDate "2004.09.01"]
[SourceQuality "1"]

1. e4 e5 2. Nf3 Nc6 3. Bb5 a6 4. Ba4 Nf6 5. O-O Nxe4 6. d4 b5 7. Bb3 d5 8. dxe5 Be6 9. Nbd2 Nc5 10. c3 Be7 11. Bc2 d4 12. cxd4 Nxd4 13. Nxd4 Qxd4 14. Nf3 Qxd1 15. Rxd1 Nd7 16. Bf4 c5 17. Be4 O-O-O 18. Ng5 Nb6 19. Nxe6 fxe6 20. b3 g6 21. Be3 Rxd1+ 22. Rxd1 Rd8 23. Rc1 Kb8 24. g3 Rc8 25. Rd1 Kc7 26. h4 c4 27. Rc1 a5 28. h5 gxh5 29. Bxh7 a4 30. Be4 axb3 31. axb3 Ba3 32. Rc2 b4 33. bxc4 Na4 34. Rd2 b3 35. Kg2 Bc1 36. Rd3 b2 37. Rb3 Bxe3 38. fxe3 Nc5 39. Rxb2 0-1

[Event "CAN-op"]
[Site "Kapuskasing CAN"]
[Date "2004.07.12"]
[Round "4"]
[White "Krnan, Tomas"]
[Black "Peng, David Yu"]
[Result "1-0"]
[WhiteElo "2331"]
[BlackElo "2038"]
[PlyCount "75"]
[GameId "2160767911095287"]
[EventDate "2004.07.10"]
[EventType "swiss"]
[EventRounds "10"]
[EventCountry "CAN"]
[SourceTitle "CBM 101 Extra"]
[Source "ChessBase"]
[SourceDate "2004.09.01"]
[SourceVersion "2"]
[SourceVersionDate "2004.09.01"]
[SourceQuality "1"]

1. e4 c5 2. Nf3 d6 3. d4 cxd4 4. Nxd4 Nf6 5. Nc3 e6 6. Bg5 a6 7. Qd2 Be7 8. O-O-O Nbd7 9. f4 Qc7 10. Kb1 h6 11. Bxf6 Nxf6 12. g3 b5 13. Bg2 Bb7 14. a3 O-O 15. Bf3 Rfd8 16. Rhe1 Rac8 17. g4 d5 18. e5 Nd7 19. f5 Nxe5 20. fxe6 f6 21. Qg2 b4 22. axb4 Bxb4 23. e7 Qxe7 24. Bxd5+ Bxd5 25. Nxd5 Qd6 26. Nf5 Qf8 27. c3 Bc5 28. h4 Rb8 29. Re2 Qe8 30. Nxh6+ Kh7 31. Qe4+ Qg6 32. Nf5 Qxg4 33. Qxg4 Nxg4 34. Rg2 Nh6 35. Rxg7+ Kh8 36. Nxf6 Rxd1+ 37. Ka2 Rd7 38. Rxd7 1-0

[Event "CAN-op"]
[Site "Kapuskasing CAN"]
[Date "2004.07.12"]
[Round "4"]
[White "Kudrin, Sergey"]
[Black "Spraggett, Kevin"]
[Result "1/2-1/2"]
[WhiteElo "2541"]
[BlackElo "2584"]
[PlyCount "34"]
[GameId "2160767911095288"]
[EventDate "2004.07.10"]
[EventType "swiss"]
[EventRounds "10"]
[EventCountry "CAN"]
[SourceTitle "CBM 101 Extra"]
[Source "ChessBase"]
[SourceDate "2004.09.01"]
[SourceVersion "2"]
[SourceVersionDate "2004.09.01"]
[SourceQuality "1"]

1. e4 c5 2. Nf3 e6 3. d4 cxd4 4. Nxd4 a6 5. Nc3 b5 6. Bd3 d6 7. O-O Nf6 8. a4 b4 9. Na2 e5 10. Nf3 Nc6 11. Qe1 Qb6 12. Bg5 Be7 13. Nd2 a5 14. Nc4 Qb8 15. Bxf6 Bxf6 16. Ne3 O-O 17. c3 bxc3 1/2-1/2

[Event "CAN-op"]
[Site "Kapuskasing CAN"]
[Date "2004.07.12"]
[Round "4"]
[White "Lipnowski, Samuel"]
[Black "Costa, Joao Guerra"]
[Result "1-0"]
[WhiteElo "2288"]
[BlackElo "2209"]
[PlyCount "65"]
[GameId "2160767911095289"]
[EventDate "2004.07.10"]
[EventType "swiss"]
[EventRounds "10"]
[EventCountry "CAN"]
[SourceTitle "CBM 101 Extra"]
[Source "ChessBase"]
[SourceDate "2004.09.01"]
[SourceVersion "2"]
[SourceVersionDate "2004.09.01"]
[SourceQuality "1"]

1. e4 c5 2. d4 cxd4 3. Nf3 e6 4. Nxd4 a6 5. Bd3 Nf6 6. O-O d6 7. c4 Be7 8. a3 O-O 9. b4 Qc7 10. Bb2 b6 11. Nd2 Bb7 12. Qe2 Nbd7 13. f4 Rfe8 14. Nc2 e5 15. f5 b5 16. cxb5 d5 17. bxa6 Bxa6 18. Rac1 Qb6+ 19. Kh1 Bb7 20. Rfd1 dxe4 21. Nxe4 Nd5 22. Qf3 Nf4 23. Bf1 Nf6 24. Nxf6+ Bxf6 25. Qg3 Be4 26. Ne3 Bh4 27. Qxh4 Qxe3 28. Qe1 Qb3 29. Qxe4 Qxb2 30. g3 Nh5 31. Qe2 Qxe2 32. Bxe2 Nf6 33. a4 1-0

[Event "CAN-op"]
[Site "Kapuskasing CAN"]
[Date "2004.07.12"]
[Round "4"]
[White "Molchanov, Yevhen"]
[Black "Nahutin, Yevgeni"]
[Result "1-0"]
[WhiteElo "2104"]
[BlackElo "1994"]
[PlyCount "63"]
[GameId "2160767911095290"]
[EventDate "2004.07.10"]
[EventType "swiss"]
[EventRounds "10"]
[EventCountry "CAN"]
[SourceTitle "CBM 101 Extra"]
[Source "ChessBase"]
[SourceDate "2004.09.01"]
[SourceVersion "2"]
[SourceVersionDate "2004.09.01"]
[SourceQuality "1"]

1. e4 e5 2. Nc3 Nf6 3. f4 d5 4. fxe5 Nxe4 5. d3 Qh4+ 6. g3 Nxg3 7. Nf3 Qh5 8. Nxd5 Bg4 9. Bg2 Nxh1 10. Nxc7+ Kd8 11. Nxa8 Bxf3 12. Qxf3 Qxe5+ 13. Kf1 Bd6 14. Be3 Re8 15. Re1 Qxb2 16. Qxf7 Qf6+ 17. Qxf6+ gxf6 18. Bxb7 Ng3+ 19. hxg3 Bxg3 20. Re2 Re7 21. Bg2 Na6 22. Bd4 Rxe2 23. Kxe2 f5 24. c3 Bb8 25. Bb7 Nc7 26. Nxc7 Bxc7 27. Bg2 Ke7 28. Kf3 Ke6 29. Be3 h5 30. Bf4 Be5 31. Bxe5 Kxe5 32. d4+ 1-0

[Event "CAN-op"]
[Site "Kapuskasing CAN"]
[Date "2004.07.12"]
[Round "4"]
[White "Nataf, Igor A"]
[Black "Bluvshtein, Mark"]
[Result "1/2-1/2"]
[WhiteElo "2553"]
[BlackElo "2462"]
[PlyCount "80"]
[GameId "2160767911095291"]
[EventDate "2004.07.10"]
[EventType "swiss"]
[EventRounds "10"]
[EventCountry "CAN"]
[SourceTitle "CBM 101 Extra"]
[Source "ChessBase"]
[SourceDate "2004.09.01"]
[SourceVersion "2"]
[SourceVersionDate "2004.09.01"]
[SourceQuality "1"]

1. e4 c5 2. Nf3 d6 3. d4 cxd4 4. Nxd4 Nf6 5. Nc3 Nc6 6. Bg5 e6 7. Qd2 Be7 8. O-O-O O-O 9. f4 Nxd4 10. Qxd4 Qa5 11. Kb1 h6 12. h4 Rd8 13. Bd3 Bd7 14. e5 dxe5 15. fxe5 Bc6 16. Qf4 Nh5 17. Qg4 Rxd3 18. cxd3 hxg5 19. Qxh5 g6 20. Qe2 gxh4 21. d4 Rd8 22. Rh3 Rd7 23. g3 Qb6 24. Qf2 hxg3 25. Qxg3 Bf8 26. Qh4 Bg7 27. Rd2 Qd8 28. Qf4 g5 29. Qe3 f6 30. Rh5 fxe5 31. Rxg5 exd4 32. Qxe6+ Rf7 33. Rf5 Qd7 34. Qxf7+ Qxf7 35. Rxf7 Kxf7 36. Ne2 Be4+ 37. Ka1 d3 38. Nc1 Bh6 39. Rd1 d2 40. Nb3 Bf3 1/2-1/2

[Event "CAN-op"]
[Site "Kapuskasing CAN"]
[Date "2004.07.12"]
[Round "4"]
[White "Smith, Andrew M"]
[Black "Yuan, Michael"]
[Result "1-0"]
[WhiteElo "1891"]
[BlackElo "2010"]
[PlyCount "126"]
[GameId "2160767911095294"]
[EventDate "2004.07.10"]
[EventType "swiss"]
[EventRounds "10"]
[EventCountry "CAN"]
[SourceTitle "EXT 2022"]
[Source "ChessBase"]
[SourceDate "2021.10.06"]
[SourceVersion "1"]
[SourceVersionDate "2021.10.06"]
[SourceQuality "1"]

1. d4 Nf6 2. c4 e6 3. Nc3 Bb4 4. Nf3 O-O 5. a3 Bxc3+ 6. bxc3 d5 7. g3 c5 8. Bg2 Nc6 9. O-O cxd4 10. cxd5 exd5 11. Nxd4 Bg4 12. Nxc6 bxc6 13. Be3 Re8 14. Qc2 Qa5 15. Rfe1 Re6 16. c4 Rae8 17. cxd5 Nxd5 18. Bd2 Qa6 19. e3 Bh5 20. Qc5 Qd3 21. Ba5 Qa6 22. Bf1 Qc8 23. Bh3 Bf3 24. Qxa7 Nf6 25. Qc7 Qxc7 26. Bxc7 Bg4 27. Bxg4 Nxg4 28. a4 Rc8 29. Red1 h6 30. Rd8+ Rxd8 31. Bxd8 c5 32. a5 Ra6 33. Bb6 c4 34. Rc1 Ne5 35. Bc7 Nf3+ 36. Kg2 Nd2 37. Rc2 Rc6 38. Bb6 Nb3 39. Kf3 c3 40. Ke4 Na1 41. Ra2 Nb3 42. Rc2 Na1 43. Kd3 Nxc2 44. Kxc2 Kf8 45. Bd4 g5 46. g4 Ke7 47. Bxc3 Ke6 48. Kb3 Kd5 49. Bd4 Ke4 50. Kb4 Kf3 51. Bc5 Kxg4 52. Kb5 Rc8 53. a6 Kf3 54. e4 Kxe4 55. Kb6 Kf3 56. Bd6 Kxf2 57. Kb7 Rc2 58. a7 Ra2 59. a8=Q Rxa8 60. Kxa8 f5 61. Kb7 Kg2 62. Kc6 f4 63. Kd5 f3 1-0

[Event "CAN-op"]
[Site "Kapuskasing CAN"]
[Date "2004.07.12"]
[Round "4"]
[White "Thorvardson, Craig"]
[Black "Moiseenko, Alexander"]
[Result "0-1"]
[WhiteElo "1855"]
[BlackElo "2631"]
[PlyCount "54"]
[GameId "2160767911095295"]
[EventDate "2004.07.10"]
[EventType "swiss"]
[EventRounds "10"]
[EventCountry "CAN"]

1. e4 g6 2. d4 Bg7 3. Be3 d6 4. Nc3 c6 5. Bd3 Nf6 6. f3 Nbd7 7. Nge2 b5 8. a3 Bb7 9. g4 a6 10. Ng3 h5 11. g5 Nh7 12. h4 e5 13. Be2 Qb6 14. Bg1 exd4 15. Na2 c5 16. Rb1 Be5 17. Bh2 Nhf8 18. Nf1 Ne6 19. Qd2 d5 20. f4 dxe4 21. fxe5 e3 22. Qd1 Bxh1 23. Bf3 Bxf3 24. Qxf3 O-O 25. Ng3 Nxe5 26. Qf6 Ng4 27. Nxh5 gxh5 0-1

[Event "CAN-op"]
[Site "Kapuskasing CAN"]
[Date "2004.07.12"]
[Round "4"]
[White "Tseitlin, Mark D"]
[Black "Goletiani, Rusudan"]
[Result "1/2-1/2"]
[WhiteElo "2484"]
[BlackElo "2334"]
[PlyCount "120"]
[GameId "2160767911095296"]
[EventDate "2004.07.10"]
[EventType "swiss"]
[EventRounds "10"]
[EventCountry "CAN"]
[SourceTitle "CBM 101 Extra"]
[Source "ChessBase"]
[SourceDate "2004.09.01"]
[SourceVersion "2"]
[SourceVersionDate "2004.09.01"]
[SourceQuality "1"]

1. e4 c5 2. Nf3 e6 3. d4 cxd4 4. Nxd4 a6 5. Nc3 Qc7 6. Be2 b5 7. O-O Nc6 8. Nxc6 dxc6 9. f4 Bb7 10. e5 Rd8 11. Qe1 c5 12. Bf3 Bxf3 13. Rxf3 Ne7 14. Ne4 Nf5 15. Be3 h5 16. Bf2 Be7 17. Rh3 Rh6 18. a4 b4 19. Qe2 Qc6 20. Rd3 Rxd3 21. cxd3 h4 22. Rc1 Qxa4 23. Nxc5 Bxc5 24. Bxc5 Qc6 25. Qe4 Ne7 26. Be3 Qxe4 27. dxe4 Kd7 28. Ra1 Rh8 29. Rxa6 Rc8 30. Rd6+ Ke8 31. Kf2 Nc6 32. Kf3 g5 33. g3 Na5 34. Rb6 g4+ 35. Ke2 Rc2+ 36. Kd3 Rxb2 37. gxh4 b3 38. Rb8+ Kd7 39. Bd2 Ra2 40. Bxa5 Rxa5 41. Rxb3 Ra2 42. Rb7+ Ke8 43. Rb8+ Ke7 44. f5 exf5 45. exf5 Rxh2 46. Ke4 g3 47. f6+ Kd7 48. Rb7+ Ke8 49. Rb8+ Kd7 50. Rf8 Rxh4+ 51. Kd5 Rh7 52. Rg8 Rh1 53. Rxg3 Rd1+ 54. Ke4 Ke6 55. Re3 Rh1 56. Kf4 Rf1+ 57. Kg4 Rf5 58. Ra3 Rxe5 59. Ra6+ Kd7 60. Kf4 Rb5 1/2-1/2

[Event "CAN-op"]
[Site "Kapuskasing CAN"]
[Date "2004.07.12"]
[Round "4"]
[White "Tyomkin, Dimitri"]
[Black "Zubac, Marius"]
[Result "1-0"]
[WhiteElo "2498"]
[BlackElo "2185"]
[PlyCount "51"]
[GameId "2160767911095297"]
[EventDate "2004.07.10"]
[EventType "swiss"]
[EventRounds "10"]
[EventCountry "CAN"]
[SourceTitle "CBM 101 Extra"]
[Source "ChessBase"]
[SourceDate "2004.09.01"]
[SourceVersion "2"]
[SourceVersionDate "2004.09.01"]
[SourceQuality "1"]

1. e4 c5 2. Nf3 Nc6 3. Bb5 g6 4. O-O Bg7 5. c3 e5 6. d3 Nge7 7. Be3 b6 8. d4 exd4 9. cxd4 cxd4 10. Nxd4 O-O 11. Nc3 a6 12. Be2 Bb7 13. Nxc6 dxc6 14. Qb3 b5 15. Bc5 Qc7 16. Qa3 Rfe8 17. Rad1 Nc8 18. Bg4 a5 19. Rd7 Qf4 20. Qb3 a4 21. Qd1 Ba6 22. g3 Qb8 23. Qf3 f6 24. Rfd1 Nb6 25. Bxb6 Qxb6 26. Rxg7+ 1-0

[Event "CAN-op"]
[Site "Kapuskasing CAN"]
[Date "2004.07.12"]
[Round "4"]
[White "Wang, David"]
[Black "Miller, Evgeny"]
[Result "1/2-1/2"]
[WhiteElo "2110"]
[BlackElo "2193"]
[PlyCount "37"]
[GameId "2160767911095298"]
[EventDate "2004.07.10"]
[EventType "swiss"]
[EventRounds "10"]
[EventCountry "CAN"]
[SourceTitle "CBM 101 Extra"]
[Source "ChessBase"]
[SourceDate "2004.09.01"]
[SourceVersion "2"]
[SourceVersionDate "2004.09.01"]
[SourceQuality "1"]

1. e4 c6 2. d4 d5 3. Nc3 dxe4 4. Nxe4 Nd7 5. Nf3 Ngf6 6. Nxf6+ Nxf6 7. Ne5 Be6 8. c3 g6 9. Bd3 Bg7 10. O-O O-O 11. f4 Nd7 12. Be3 Qc7 13. Qc2 Rad8 14. Rad1 b6 15. b4 Nxe5 16. dxe5 Rd7 17. c4 Rfd8 18. Rd2 Bf5 19. Rfd1 1/2-1/2

[Event "CAN-op"]
[Site "Kapuskasing CAN"]
[Date "2004.07.13"]
[Round "5"]
[White "Barber, Glen"]
[Black "Tseitlin, Mark D"]
[Result "0-1"]
[WhiteElo "1974"]
[BlackElo "2484"]
[PlyCount "74"]
[GameId "2160767911095300"]
[EventDate "2004.07.10"]
[EventType "swiss"]
[EventRounds "10"]
[EventCountry "CAN"]
[SourceTitle "CBM 101 Extra"]
[Source "ChessBase"]
[SourceDate "2004.09.01"]
[SourceVersion "2"]
[SourceVersionDate "2004.09.01"]
[SourceQuality "1"]

1. e4 c5 2. Nf3 Nc6 3. Bb5 g6 4. Bxc6 bxc6 5. O-O Bg7 6. Nc3 e5 7. d3 d6 8. Nd2 Nf6 9. Nc4 Nh5 10. Ne2 d5 11. Ne3 O-O 12. c4 f5 13. f3 f4 14. Nc2 g5 15. Nc3 d4 16. Na4 Qd6 17. b4 cxb4 18. a3 b3 19. Ne1 Rb8 20. Rb1 c5 21. Rxb3 Bd7 22. Rxb8 Rxb8 23. Rf2 Qc6 24. Nb2 Nf6 25. g4 h5 26. h3 Qa6 27. Nc2 Kf7 28. Qd2 Rh8 29. Rh2 Bf8 30. Nd1 Bd6 31. Na1 Qa4 32. Qc2 hxg4 33. hxg4 Rxh2 34. Kxh2 Qxc2+ 35. Nxc2 Ba4 36. Nb2 Bxc2 37. Bd2 Bc7 0-1

[Event "CAN-op"]
[Site "Kapuskasing CAN"]
[Date "2004.07.13"]
[Round "5"]
[White "Bluvshtein, Mark"]
[Black "Ulybin, Vasily"]
[Result "1-0"]
[WhiteElo "2458"]
[BlackElo "1764"]
[PlyCount "49"]
[GameId "2160767911095301"]
[EventDate "2004.07.10"]
[EventType "swiss"]
[EventRounds "10"]
[EventCountry "CAN"]

1. e4 c5 2. Nf3 d6 3. d4 cxd4 4. Nxd4 Nf6 5. Nc3 g6 6. Be3 Bg7 7. Bc4 O-O 8. f3 Nc6 9. Bb3 Bd7 10. Qd2 Rc8 11. O-O-O Ne5 12. Kb1 Nc4 13. Bxc4 Rxc4 14. g4 Qa5 15. Nb3 Qc7 16. e5 Nxg4 17. Nd5 Qd8 18. exd6 exd6 19. fxg4 Bxg4 20. Rdf1 Bf5 21. Rxf5 gxf5 22. Bg5 f6 23. Nxf6+ Bxf6 24. Qd5+ Kh8 25. Bxf6+ 1-0